01029nam a2200217 a 450000100100000000500170001000800410002704000250006808200210009310000370011424500450015126000780019630000200027459000260029465000280032065000310034891000390037995201920041895201840061099900170079400003229820250206104242.0110714s1995 dr 000 p spa d aDO-SdBNPbspacBNPHU aRD861.44bM357ta1 aMárquez, Carlos,b1953-95832513aLa taza de la tía /cCarlos Márquez. aSanto Domingo :bLa Intrusa :bFundación Miguel L. De Peña,c[1995?]. a73 p. ;c21 cm. aInventariado, 2018/LP 0aPoesía dominicana966 0aLiteratura dominicana.967 aValidado. Control de calidad BNPHU 0010718PDaPDbPDcHDd2011-07-14iLF1l0oRD861.44 M357tap32298-10r2020-06-25w2020-06-25yLFPDzPerteneció a la biblioteca personal de Juan Isidro Jimenes -GrullónZNo se presta 0010718PDaPDbPDcHDd2015-05-25iLF1l0oRD861.44 M357tap32298-20r2020-06-25te. 2w2020-06-25yLFPDzPerteneció a la biblioteca personal de Erick LandestoyZNo se presta c31789d31789